000 00473nam a2200205Ia 4500
005 20250923144428.0
008 008 250917s9999 xx 000 0 eng d
037 _aTextual
040 _aDSWL
_beng
_cDSWL
041 _aeng
_2eng
084 _qDSWL
245 0 _aCensus of India.1951 : part 2-tables West Bangal
260 _c1953
300 _a535 p.
365 _aINR
_b5
490 _vvol.6
925 _g5
942 _cTEXL
999 _c1438766
_d1438766